000 00362nam a22001457a 4500
999 _c7730
_d7730
003 GBCCL
005 20241126110635.0
008 180914b ||||| |||| 00| 0 eng d
040 _cgbc
082 _aMAG SIA
_b1998
245 _aSiamsinpawlpi annual magazine /
_cN Thangkhomang , editor
260 _aLamka:
_bSSPP,
_c1998
300 _a82pages
942 _2ddc
_cARCH